000 00917nam a2200205Ia 4500
001 19360
003 GE_BSU
008 181216s||||||||xx |||||||||||||| ||und||
040 _cGE_BSU
080 _a624.9(035.3)
100 _aბაღათურია ფ; ახალაძე ი.
245 _aრკინაბეტონისა და ქვის კონსტრუქციები:სქემებისა და საცნობარო ცხრილების ალბომი
260 _aბათუმი.
260 _bგ.გ
260 _c2008
300 _a164 გვ;ცხრ;21 სმ.
653 _aინჟინერია
653 _aრკინაბეტონისა და ქვის კონსტრუქციები:სქემებისა და საცნობარო ცხრილების ალბომი
942 _cBK
999 _c52342
_d52342